00917 2200325 4500001002100000005001500021035002500036008004100061020002200102040001200124041000800136082001500144084001700159090002100176090002100197100001900218245008200237250002600319260003300345300002600378504003000404650003400434650001400468650002500482700000900507850001200516999002100528990002100549990002100570INLIS00000000003503020190628120117 a0010-041800000000209180403s ind  a978-602-407-279-7 aYOPDYOG0 aind04223a153.69 a153.69 EHR p aDEP 153.69 EHR p aCB-D.11 2018-0480 aEhrman Susanto1 aPintar mengenali bahasa wajah dan tubuh orang /cEhrman Susanto; editor, Aini aCetakan pertama, 2018 aYogyakarta :bLaksana,c2018 a176 halaman ;c20 cm. aBibliografi: hlm. 172-175 4aIsyarat dan pemberian isyarat 4aPsikologi 4aKomunikasi nonverbal0 aAini aYOPDYOG aCB-D.11/2018-048 aCB-D.11/2018-048 aCB-D.11/2018-048